000
00315nam a2200097Ia 4500
008
160523s9999 xx 000 0 und d
245
4
_a
The Economic Geography of Globalization
245
_c
Edited by Piotr Pachura
260
_c
2011
856
_u
http://www.intechopen.com/books/the-economic-geography-of-globalization
999
_c
294910
_d
294910